000
00181nam a2200085 4500
001
1232407
005
20250922133927.0
245
_a
MATEMATİK KARALAMA KİTABI
_c
.
260
_b
TÜBİTAK
999
_c
1232407
_d
1232407